Los presupuestos base cero (Registro nro. 26670)

Detalles MARC
000 -LEADER
fixed length control field 00309 a2200109 4500
001 - CONTROL NUMBER
control field ART_12909
005 - DATE AND TIME OF LATEST TRANSACTION
control field 20260410161909.0
008 - FIXED-LENGTH DATA ELEMENTS--GENERAL INFORMATION
fixed length control field 260409a
100 1# - MAIN ENTRY--PERSONAL NAME
Personal name Pyhrr, Peter A.
245 10 - TITLE STATEMENT
Title Los presupuestos base cero
773 0# - HOST ITEM ENTRY
Title Costos y gestión
Related parts - Año 13, Nº 53 (sep. 2004)
Record control number REV12786

No hay ítems disponibles.